| 000 | 00787cam a2200229 a 4500 | ||
|---|---|---|---|
| 020 | _a0256241481 (acidfree paper) | ||
| 040 | _cDLC | ||
| 082 | 0 | 0 | _a658 IRW 1998 A055 Or. |
| 100 | 1 | _aStrickland, A. J. | |
| 245 | 1 | 0 | _aCases in strategic management / |
| 246 | 3 | 0 | _aStrategic management |
| 250 | _a10th ed. | ||
| 260 |
_aBoston, Mass. : _bIrwin/McGraw-Hill, _cc1998. |
||
| 300 |
_axii, 691 p. : _bill. (some col.), col. maps ; _c26 cm. |
||
| 500 | _a"International edition"--T.p. verso. | ||
| 500 | _a"The 34 cases in this edition include 22 new cases ... eight cases from the ninth edition of Strategic management"--Pref. | ||
| 650 | 0 | _aStrategic planning | |
| 650 | 0 | _aIndustrial management | |
| 700 | 1 | _aThompson, Arthur A., | |
| 700 | 1 | _aThompson, Arthur A., | |
| 942 | _cEK | ||
| 999 |
_c15451 _d15451 |
||